[Event "Caioba Telecom op"]
[Site "Caioba"]
[Date "2017.09.30"]
[Round "5"]
[White "Carvalho Neto, Joao Francisco"]
[Black "Souza, Gustavo Horokoski"]
[Result "0-1"]
[WhiteElo "1410"]
[BlackElo "2002"]
[PlyCount "30"]
[EventDate "2017.09.28"]
[EventType "swiss"]
[EventRounds "8"]
[EventCountry "BRA"]
[SourceTitle "EXT 2018"]
[Source "ChessBase"]
[SourceDate "2017.10.13"]
[SourceVersion "1"]
[SourceVersionDate "2017.10.13"]
[SourceQuality "1"]

1. d4 d5 2. c4 c6 3. cxd5 cxd5 4. Nf3 Nc6 5. Nc3 Nf6 6. g3 a6 7. a4 e6 8. Bg2 Bd6 9. 0-0 0-0 10. Re1 Bb4 11. Qc2 Ne4 12. Be3 f5 13. Nd2 Bd7 14. f3 Nf6 15. b3 Rc8 0-1

[Event "Curitiba IEP&Copel op"]
[Site "Curitiba"]
[Date "2017.05.12"]
[Round "2"]
[White "Carvalho Neto, Joao Francisco"]
[Black "Acosta, Pablo Alejandro"]
[Result "0-1"]
[WhiteElo "1390"]
[BlackElo "1983"]
[PlyCount "118"]
[EventDate "2017.05.12"]
[EventType "swiss"]
[EventRounds "6"]
[EventCountry "BRA"]
[SourceTitle "CBM 178 Extra"]
[Source "ChessBase"]
[SourceDate "2017.06.22"]
[SourceVersion "1"]
[SourceVersionDate "2017.06.22"]
[SourceQuality "1"]

1. d4 e6 2. Nf3 d5 3. c4 Nf6 4. Nc3 Be7 5. e3 0-0 6. Be2 b6 7. 0-0 Bb7 8. Qc2 Ne4 9. cxd5 exd5 10. Bd3 f5 11. a4 Nd7 12. a5 Rc8 13. axb6 axb6 14. Qb3 Ndf6 15. Nd2 Kh8 16. Ndxe4 fxe4 17. Be2 Ra8 18. Bd2 Rxa1 19. Rxa1 Qb8 20. Qa4 c5 21. Qa7 Bd6 22. Qxb8 Bxb8 23. dxc5 bxc5 24. b3 d4 25. exd4 cxd4 26. Nd1 d3 27. Bf1 Bd5 28. b4 Be5 29. Ra5 Bc7 30. Rc5 Bd6 31. Ra5 Rb8 32. b5 Bc4 33. Nc3 Bc7 34. Ra4 Bxb5 35. Rb4 Bc6 36. Rxb8+ Bxb8 37. h3 Kg8 38. g3 Kf7 39. Bg2 Ke6 40. Kf1 Ba7 41. g4 Ke5 42. Nd1 h5 43. g5 Nd5 44. Nc3 Nf4 45. Bh1 Nxh3 46. Be3 Bxe3 47. fxe3 Nxg5 48. Kf2 Nh7 49. Kg3 g5 50. Bg2 Nf6 51. Bh1 Ng4 52. Nd1 Ba4 53. Nc3 Bc6 54. Nd1 Nf6 55. Bg2 Ba4 56. Nc3 d2 57. Bf1 d1Q 58. Nxd1 Bxd1 59. Kf2 Ng4+ 0-1

[Event "Curitiba Sul Region-ch"]
[Site "Curitiba"]
[Date "2017.04.16"]
[Round "6"]
[White "Carvalho Neto, Joao Francisco"]
[Black "Ibanez, Jorge Dias Llivi"]
[Result "0-1"]
[WhiteElo "1408"]
[BlackElo "1674"]
[PlyCount "70"]
[EventDate "2017.04.14"]
[EventType "swiss"]
[EventRounds "6"]
[EventCountry "BRA"]
[SourceTitle "CBM 178 Extra"]
[Source "ChessBase"]
[SourceDate "2017.06.22"]
[SourceVersion "1"]
[SourceVersionDate "2017.06.22"]
[SourceQuality "1"]

1. d4 d5 2. c4 Nf6 3. Nc3 c6 4. Nf3 Bf5 5. e3 e6 6. Be2 Be7 7. 0-0 0-0 8. Nh4 Bg6 9. Nxg6 fxg6 10. f3 Nbd7 11. a4 Bd6 12. Bd2 Qe7 13. Qc2 Nh5 14. Be1 Rac8 15. c5 Bc7 16. b4 e5 17. dxe5 Qxe5 18. g3 Qxe3+ 19. Kh1 Qe6 20. b5 Bxg3 21. Bxg3 Nxg3+ 22. hxg3 Qh3+ 23. Kg1 Qxg3+ 24. Kh1 Rf5 25. f4 Nf6 26. Qd3 Rh5+ 27. Bxh5 Qxd3 28. Nxd5 cxd5 29. Bf3 Rxc5 30. Bg2 Ne4 31. Rf3 Qd4 32. Raf1 Qxa4 33. f5 gxf5 34. Rxf5 Ng3+ 35. Kh2 Qh4+ 0-1

[Event "Curitiba Sul Region-ch"]
[Site "Curitiba"]
[Date "2017.04.15"]
[Round "3"]
[White "Nolasco, Roger Minks"]
[Black "Carvalho Neto, Joao Francisco"]
[Result "1-0"]
[WhiteElo "1922"]
[BlackElo "1408"]
[PlyCount "53"]
[EventDate "2017.04.14"]
[EventType "swiss"]
[EventRounds "6"]
[EventCountry "BRA"]
[SourceTitle "CBM 178 Extra"]
[Source "ChessBase"]
[SourceDate "2017.06.22"]
[SourceVersion "1"]
[SourceVersionDate "2017.06.22"]
[SourceQuality "1"]

1. e4 c5 2. Nf3 d6 3. d4 cxd4 4. Nxd4 Nf6 5. f3 e6 6. Nc3 a6 7. Be3 Be7 8. Qd2 0-0 9. g4 e5 10. Nf5 Bxf5 11. gxf5 Qc7 12. 0-0-0 Nc6 13. Rg1 Rfd8 14. Qg2 Bf8 15. Qg5 Qe7 16. h4 Ne8 17. Qg3 f6 18. Nd5 Qf7 19. h5 Ne7 20. Bc4 Kh8 21. Nc7 d5 22. Nxa8 Rxa8 23. Bb3 Nd6 24. Bc5 Rd8 25. Bxd6 Rxd6 26. h6 gxh6 27. Rd3 1-0

[Event "Joinville op U220"]
[Site "Joinville"]
[Date "2017.02.18"]
[Round "4"]
[White "Niehues, Luiz Cesar"]
[Black "Carvalho Neto, Joao Francisco"]
[Result "1-0"]
[WhiteElo "1646"]
[BlackElo "1785"]
[PlyCount "41"]
[EventDate "2017.02.17"]
[EventType "swiss"]
[EventRounds "7"]
[EventCountry "BRA"]
[SourceTitle "CBM 177 Extra"]
[Source "ChessBase"]
[SourceDate "2017.04.27"]
[SourceVersion "1"]
[SourceVersionDate "2017.04.27"]
[SourceQuality "1"]

1. d4 Nf6 2. c4 g6 3. Nc3 Bg7 4. e4 d6 5. Be2 0-0 6. Bg5 h6 7. Be3 a5 8. Qd2 Kh7 9. h4 Na6 10. h5 g5 11. Nh3 c5 12. d5 Bxh3 13. Rxh3 Nc7 14. Bxg5 hxg5 15. h6 Bh8 16. Qxg5 e5 17. Qf5+ Kg8 18. Rg3+ Bg7 19. hxg7 Re8 20. 0-0-0 Qd7 21. Rh1 1-0

[Event "Parana-ch"]
[Site "Pirai do Sul"]
[Date "2017.02.05"]
[Round "8"]
[White "Carvalho Neto, Joao Francisco"]
[Black "Da Silva, Marcos Henrique"]
[Result "1-0"]
[WhiteElo "1785"]
[BlackElo "1800"]
[PlyCount "49"]
[EventDate "2017.02.01"]
[EventType "swiss"]
[EventRounds "8"]
[EventCountry "BRA"]
[SourceTitle "CBM 176 Extra"]
[Source "ChessBase"]
[SourceDate "2017.03.02"]
[SourceVersion "1"]
[SourceVersionDate "2017.03.02"]
[SourceQuality "1"]

1. d4 f5 2. c4 e6 3. Nc3 Nf6 4. e3 Be7 5. Nf3 c6 6. Be2 0-0 7. 0-0 d5 8. b3 Bb4 9. Bb2 Ne4 10. Qc2 Qa5 11. Rfc1 Nd7 12. Nd2 Ba3 13. Bxa3 Qxa3 14. f3 Nxd2 15. Qxd2 Qd6 16. Rf1 f4 17. e4 Nf6 18. e5 Qe7 19. exf6 Rxf6 20. Bd3 e5 21. dxe5 Qxe5 22. cxd5 Qd4+ 23. Kh1 g6 24. dxc6 bxc6 25. Bc4+ 1-0

[Event "Parana-ch"]
[Site "Pirai do Sul"]
[Date "2017.02.01"]
[Round "1"]
[White "Costa, Giovanni de Almeida"]
[Black "Carvalho Neto, Joao Francisco"]
[Result "1-0"]
[WhiteElo "1845"]
[BlackElo "1785"]
[PlyCount "87"]
[EventDate "2017.02.01"]
[EventType "swiss"]
[EventRounds "8"]
[EventCountry "BRA"]
[SourceTitle "CBM 176 Extra"]
[Source "ChessBase"]
[SourceDate "2017.03.02"]
[SourceVersion "1"]
[SourceVersionDate "2017.03.02"]
[SourceQuality "1"]

1. d4 Nf6 2. Nf3 d5 3. c3 e6 4. Bg5 c5 5. e3 cxd4 6. exd4 Be7 7. Nbd2 0-0 8. Bd3 Nbd7 9. 0-0 Re8 10. Ne5 Nxe5 11. dxe5 Nd7 12. Bxe7 Qxe7 13. f4 f6 14. Qh5 g6 15. Bxg6 hxg6 16. Qxg6+ Kh8 17. Rf3 Nf8 18. Rh3+ Nh7 19. Rxh7+ Qxh7 20. Qxe8+ Kg7 21. Qe7+ Kg8 22. Qxh7+ Kxh7 23. Nf3 fxe5 24. Nxe5 b6 25. Re1 Bb7 26. Nf7 Kg6 27. Nd6 Ba6 28. Rxe6+ Kh5 29. Re8 Rxe8 30. Nxe8 Kg4 31. Nf6+ Kxf4 32. Nxd5+ Kg5 33. Kf2 Bc4 34. Nb4 a5 35. b3 Be6 36. Nc2 a4 37. c4 axb3 38. axb3 b5 39. cxb5 Bxb3 40. b6 Bd5 41. Ne3 Bb7 42. Nc4 Kf4 43. g3+ Kg5 44. Nd6 1-0

[Event "Florianopolis op 3rd"]
[Site "Florianopolis"]
[Date "2017.01.22"]
[Round "4"]
[White "Dias Filho, Pedro Stein"]
[Black "Carvalho Neto, Joao Francisco"]
[Result "1/2-1/2"]
[WhiteElo "1681"]
[BlackElo "1790"]
[PlyCount "66"]
[EventDate "2017.01.20"]
[EventType "swiss"]
[EventRounds "10"]
[EventCountry "BRA"]
[SourceTitle "CBM 176 Extra"]
[Source "ChessBase"]
[SourceDate "2017.03.02"]
[SourceVersion "1"]
[SourceVersionDate "2017.03.02"]
[SourceQuality "1"]

1. e4 c5 2. Nf3 d6 3. d4 cxd4 4. Nxd4 Nf6 5. Nc3 a6 6. Be3 e5 7. Nb3 Be7 8. Be2 Be6 9. Qd2 0-0 10. 0-0 Nc6 11. f3 d5 12. exd5 Nxd5 13. Nxd5 Bxd5 14. Rad1 Be6 15. Bd3 Nb4 16. Qe2 Nxd3 17. Rxd3 Qc7 18. Rc3 Qd7 19. Nc5 Bxc5 20. Bxc5 Rfe8 21. Rd1 Qb5 22. Qxb5 axb5 23. a3 Red8 24. Rcd3 Rxd3 25. Rxd3 h6 26. Bb4 Rc8 27. c3 Rc7 28. Kf2 Rd7 29. Bd6 f6 30. Ke3 Kf7 31. Rd2 Bc4 32. Bc5 Rxd2 33. Kxd2 Ke6 1/2-1/2

[Event "Caioba Telecom op"]
[Site "Caioba"]
[Date "2016.08.26"]
[Round "2"]
[White "Carvalho Neto, Joao Francisco"]
[Black "Sena Moura, Danielle"]
[Result "0-1"]
[WhiteElo "1800"]
[BlackElo "1836"]
[PlyCount "33"]
[EventDate "2016.08.26"]
[EventType "swiss"]
[EventRounds "6"]
[EventCountry "BRA"]
[SourceTitle "CBM 174 Extra"]
[Source "ChessBase"]
[SourceDate "2016.10.10"]
[SourceVersion "1"]
[SourceVersionDate "2016.10.10"]
[SourceQuality "1"]

1. d4 Nf6 2. c4 g6 3. Nc3 Bg7 4. e4 d6 5. Nf3 0-0 6. Be2 Nbd7 7. 0-0 e5 8. d5 Nc5 9. Nd2 a5 10. b3 Ne8 11. f4 exf4 12. Rxf4 Bxc3 13. Rb1 Be5 14. Rf1 Qe7 15. Nf3 Bg7 16. Bd3 Bg4 17. Bb2 0-1